Les 10 pays européens ayant le plus de touristes - Statistiques

Statistiques générales
  • Ce quiz a été pris 94 fois
  • Le résultat moyen est 6 sur 10
Statistiques - réponses
Touristes Pays % Correct
81 millions France
99%
56 millions Espagne
96%
46 millions Italie
86%
28 millions Allemagne
85%
29 millions Royaume-Uni
82%
16 millions Grèce
54%
24 millions Russie
46%
23 millions Autriche
37%
13 millions Pologne
37%
21 millions Ukraine
8%
Aucun quiz correspondant
Distribution des résultats
% des personnes avec chaque résultat
Percentile par nombre de réponses
Votre historique - résultats
Vous n’avez pas pris ce quiz